[Event "GCT 2023 Saint Louis - Blitz"]
[Site "Saint Louis"]
[Date "17.11.2023"]
[Round "5B"]
[White "Firouzja, Alireza"]
[Black "Sevian, Samuel"]
[Result "1-0"]
[WhiteElo "2742"]
[BlackElo "2581"]
[EventDate "2023.11.17"]

1. c4 e5 2. d3 Nf6 3. Nf3 Nc6 4. a3 d5 5. cxd5 Nxd5 6. e4 Nb6 7. Be2 Be7 8.
Be3 O-O 9. O-O Re8 10. Nbd2 Bf6 11. Rc1 Be6 12. Qc2 Nd7 13. b4 a6 14. Nb3
Nf8 15. Nc5 Bc8 16. Rfd1 Ne6 17. Nb3 Qe7 18. h3 h6 19. Qb2 Rd8 20. Bf1 Qe8
21. Rc2 Bd7 22. Rdc1 Rab8 23. Rc4 Ra8 24. Bd2 Ne7 25. Na5 Rab8 26. R4c3 Ng6
27. Be3 Bb5 28. g3 Rd6 29. Qc2 Ba4 30. Qa2 Rd7 31. h4 Ne7 32. Bh3 Nc6 33.
Bxe6 Qxe6 34. Qxe6 fxe6 35. Nb3 Bxb3 36. Rxb3 Rbd8 37. Ne1 h5 38. Kf1 Kf7
39. Ke2 Be7 40. Nf3 Bf6 41. a4 Kg6 42. b5 axb5 43. Rxb5 Rxd3 44. Rxb7 Na5
45. Rb5 Nb3 46. Rxc7 Kh7 1-0

[Event "GCT 2023 Saint Louis - Blitz"]
[Site "Saint Louis"]
[Date "17.11.2023"]
[Round "5B"]
[White "Robson, Ray"]
[Black "Vachier-Lagrave, Maxime"]
[Result "0-1"]
[WhiteElo "2596"]
[BlackElo "2771"]
[EventDate "2023.11.17"]

1. e4 c5 2. Nf3 d6 3. Bb5+ Bd7 4. c4 Nc6 5. Nc3 e5 6. d3 Nge7 7. h4 h5 8.
Bg5 f6 9. Be3 g6 10. a3 Bg7 11. Rb1 O-O 12. b4 b6 13. Nd5 Nd4 14. Bxd7 Qxd7
15. Nxd4 cxd4 16. Bd2 f5 17. O-O Nxd5 18. cxd5 Rac8 19. Rc1 Bf6 20. g3 Rxc1
21. Bxc1 Rc8 22. Bd2 Kg7 23. Kg2 b5 24. Qb3 fxe4 25. dxe4 Rc4 26. Rc1 Qc8
27. Qd1 a6 28. Kg1 Kh7 29. Kg2 Bg7 30. Qe1 Bh6 31. Bxh6 Kxh6 32. Qd2+ Kg7
33. Rf1 0-1

[Event "GCT 2023 Saint Louis - Blitz"]
[Site "Saint Louis"]
[Date "17.11.2023"]
[Round "5B"]
[White "Le, Quang Liem"]
[Black "Xiong, Jeffery"]
[Result "0-1"]
[WhiteElo "2652"]
[BlackElo "2727"]
[EventDate "2023.11.17"]

1. Nf3 Nf6 2. c4 c5 3. Nc3 d5 4. cxd5 Nxd5 5. e4 Nb4 6. Bc4 Nd3+ 7. Ke2
Nf4+ 8. Kf1 Nd3 9. Qe2 Nxc1 10. Rxc1 a6 11. e5 e6 12. h4 b5 13. Bd3 Nc6 14.
Be4 Bb7 15. Qe3 Be7 16. Rh3 Qd7 17. a4 Nb4 18. Bxb7 Qxb7 19. Ng5 Rd8 20. b3
Rd3 21. Qe4 Qxe4 22. Ncxe4 Rd5 23. axb5 axb5 24. Nc3 Rxd2 25. Nge4 Rd4 26.
Re1 Nd3 27. Nxb5 Rd7 28. Nbd6+ Bxd6 29. Rxd3 Bxe5 30. Rxd7 Kxd7 31. Nxc5+
Kd6 32. Ne4+ Ke7 33. b4 Rb8 34. Rb1 f5 35. Nc5 Bd6 36. Nd3 e5 37. b5 e4 38.
Ne1 Ke6 39. Nc2 Bc5 40. Ke2 f4 41. f3 e3 42. Ne1 Kd5 43. Nd3 Bd6 44. h5 Rb6
45. Ne1 Kc4 46. Rc1+ Kxb5 47. Rb1+ Kc6 48. Rxb6+ Kxb6 49. Kd3 Kc5 50. Nc2
Kd5 51. Nd4 Ke5 52. Ne2 Kf5 53. Kd4 Kg5 54. Kd5 Bc7 55. Ke6 Kxh5 56. Kf5 g5
57. Nd4 Kh4 58. Ne2 h5 59. Kg6 g4 60. Kh6 gxf3 61. gxf3 Kh3 62. Kxh5 Kg2
63. Kg4 Kf1 0-1

[Event "GCT 2023 Saint Louis - Blitz"]
[Site "Saint Louis"]
[Date "17.11.2023"]
[Round "6B"]
[White "Sevian, Samuel"]
[Black "Giri, Anish"]
[Result "0-1"]
[WhiteElo "2581"]
[BlackElo "2697"]
[EventDate "2023.11.17"]

1. c4 c6 2. d4 d5 3. Nf3 Nf6 4. Nc3 dxc4 5. a4 Bf5 6. Ne5 Nbd7 7. Nxc4 Nb6
8. Ne5 a5 9. f3 Nfd7 10. e4 Nxe5 11. exf5 Ned7 12. d5 g6 13. dxc6 bxc6 14.
Qd4 Nf6 15. Be3 Nbd7 16. fxg6 hxg6 17. Bc4 Bg7 18. Rd1 Qc7 19. Qf4 Ne5 20.
Be2 Rb8 21. Bc1 Rxb2 22. Ne4 Nxe4 23. fxe4 Rc2 24. Qf2 Bf6 25. Bf4 Qb7 26.
O-O O-O 27. Qe3 Qb2 28. Bf3 Rc3 29. Qe1 Nxf3+ 30. gxf3 Rc2 31. e5 Bg5 32.
Qg3 Bxf4 33. Qxf4 Re2 34. Rde1 Rd8 35. e6 Rxe6 36. Rxe6 fxe6 37. Qg5 Kf7
38. Qxa5 Rd5 0-1

[Event "GCT 2023 Saint Louis - Blitz"]
[Site "Saint Louis"]
[Date "17.11.2023"]
[Round "6B"]
[White "Le, Quang Liem"]
[Black "Nepomniachtchi, Ian"]
[Result "0-1"]
[WhiteElo "2652"]
[BlackElo "2789"]
[EventDate "2023.11.17"]

1. d4 Nf6 2. c4 g6 3. Nc3 d5 4. Nf3 Bg7 5. cxd5 Nxd5 6. e4 Nxc3 7. bxc3 c5
8. Bb5+ Nd7 9. O-O O-O 10. Rb1 a6 11. Bd3 b5 12. a4 b4 13. Bb2 cxd4 14.
cxd4 a5 15. Qe2 Qb6 16. Rbc1 Ba6 17. Nd2 Bh6 18. Nc4 Bxc4 19. Rxc4 Rac8 20.
e5 e6 21. Rd1 Rfd8 22. h4 Nb8 23. Rxc8 Rxc8 24. h5 Nd7 25. Qg4 Rd8 26. Bc4
Nf8 27. hxg6 hxg6 28. d5 Bg7 29. Rd3 exd5 30. Bxd5 Qc7 31. Qe4 Re8 32. Rf3
Ne6 33. Bxe6 Rxe6 34. Qa8+ Bf8 35. Rh3 Qd7 36. Bd4 Qxd4 37. Rh8+ Kxh8 38.
Qxf8+ Kh7 39. Qxf7+ Kh6 40. Qxe6 Qd1+ 41. Kh2 b3 42. Qf6 Qh5+ 43. Kg3 Qg5+
0-1

[Event "GCT 2023 Saint Louis - Blitz"]
[Site "Saint Louis"]
[Date "17.11.2023"]
[Round "6B"]
[White "Caruana, Fabiano"]
[Black "Firouzja, Alireza"]
[Result "1-0"]
[WhiteElo "2765"]
[BlackElo "2742"]
[EventDate "2023.11.17"]

1. e4 e5 2. Nf3 Nc6 3. Bc4 Nf6 4. d3 Bc5 5. Bg5 h6 6. Bh4 d6 7. c3 a5 8.
Nbd2 Ba7 9. a4 O-O 10. h3 g5 11. Nxg5 hxg5 12. Bxg5 Kg7 13. Qf3 Be6 14. Rf1
Rh8 15. O-O-O Nb8 16. Qe2 Qe8 17. f4 Nbd7 18. fxe5 Nh7 19. Qh5 Nxe5 20.
Bh6+ Kg8 21. d4 Nxc4 22. Rf3 Nf8 23. Rdf1 Ng6 24. Rg3 Nxd2 25. Rf6 Rh7 26.
Rgxg6+ fxg6 27. Rxg6+ Qxg6 28. Qxg6+ Kh8 29. Qf6+ Kg8 30. Qxe6+ Kh8 31.
Qf6+ Kg8 32. Kxd2 1-0

[Event "GCT 2023 Saint Louis - Blitz"]
[Site "Saint Louis"]
[Date "17.11.2023"]
[Round "6B"]
[White "Xiong, Jeffery"]
[Black "Vachier-Lagrave, Maxime"]
[Result "1/2-1/2"]
[WhiteElo "2727"]
[BlackElo "2771"]
[EventDate "2023.11.17"]

1. d4 Nf6 2. c4 g6 3. Nc3 d5 4. cxd5 Nxd5 5. e4 Nxc3 6. bxc3 Bg7 7. Nf3 c5
8. Bb5+ Nc6 9. O-O O-O 10. Bxc6 bxc6 11. Qc2 cxd4 12. cxd4 Bg4 13. Ne5 Qxd4
14. Bb2 Qb6 15. Rfb1 Rfb8 16. Nd7 Bxd7 17. Bxg7 Qc7 18. Bd4 c5 19. Qxc5
Qxc5 20. Bxc5 Rc8 21. Bxe7 Re8 22. Bc5 Rxe4 23. Rb7 Be6 24. Rxa7 Rxa7 25.
Bxa7 Ra4 26. Be3 Rxa2 27. Rxa2 Bxa2 28. Bd2 Bb3 29. Be3 Ba2 30. Bd2 Bb3 31.
Be3 Ba2 32. Bd2 1/2-1/2

[Event "GCT 2023 Saint Louis - Blitz"]
[Site "Saint Louis"]
[Date "17.11.2023"]
[Round "6B"]
[White "So, Wesley"]
[Black "Robson, Ray"]
[Result "1-0"]
[WhiteElo "2753"]
[BlackElo "2596"]
[EventDate "2023.11.17"]

1. e4 c5 2. Nf3 d6 3. Bb5+ Bd7 4. c4 Nc6 5. Nc3 e5 6. d3 Nge7 7. Bxc6 bxc6
8. Nh4 h6 9. Qf3 Be6 10. Nf5 g6 11. Nxe7 Bxe7 12. O-O Kf8 13. Qe2 g5 14.
Nd1 h5 15. Ne3 Qd7 16. Bd2 Kg7 17. a3 a5 18. h4 f6 19. b4 axb4 20. axb4
Rxa1 21. Rxa1 cxb4 22. Bxb4 gxh4 23. Bc3 h3 24. g3 c5 25. Kh2 Bg4 26. Qb2
Be6 27. Qe2 Bg4 28. Qb2 Be6 29. f3 Kf7 30. Ra6 Rc8 31. Rb6 Rc6 32. Rb7 Rc7
33. Rb8 Rc8 34. Rb5 Rc7 35. Rb6 Rc6 36. Rb7 Rc7 37. Rb5 Bf8 38. Bd2 Be7 39.
Nd5 Bxd5 40. cxd5 c4 41. dxc4 Rxc4 42. Rb3 Qc8 43. Rc3 Rxc3 44. Bxc3 Qc4
1-0

[Event "GCT 2023 Saint Louis - Blitz"]
[Site "Saint Louis"]
[Date "17.11.2023"]
[Round "7B"]
[White "Giri, Anish"]
[Black "Caruana, Fabiano"]
[Result "0-1"]
[WhiteElo "2697"]
[BlackElo "2765"]
[EventDate "2023.11.17"]

1. e4 e5 2. Nf3 Nc6 3. Bc4 Nf6 4. d3 Be7 5. O-O O-O 6. Nc3 d6 7. a3 Bg4 8.
h3 Bh5 9. Nd5 Nxd5 10. Bxd5 Kh8 11. g4 Bg6 12. Be3 Qd7 13. Kh2 Nd8 14. Rg1
c6 15. Bb3 Ne6 16. Kh1 f6 17. Nh4 Bf7 18. Nf5 Bd8 19. h4 Bb6 20. Qf3 Rad8
21. c4 Bg8 22. h5 h6 23. Rad1 Bh7 24. Ba2 Ng5 25. Qg3 Qe8 26. Nh4 Bxe3 27.
fxe3 Rf7 28. Nf5 Rfd7 29. Rgf1 Bg8 30. b4 Be6 31. Qg2 Kh7 32. a4 Qf7 33.
Rd2 d5 34. exd5 cxd5 35. c5 d4 36. e4 Rc7 37. Rc1 Bxa2 38. Rxa2 Qb3 39. Qd2
Ne6 40. Rb2 Qxa4 41. Ra2 Qd7 42. Rxa7 Nf4 43. Ra2 Qb5 44. Rc4 b6 45. Rac2
bxc5 46. bxc5 Qb3 47. c6 Nxd3 48. Kh2 Nf4 49. Ng3 Qf3 50. Rb4 Qxg4 51. Qf2
Nd3 0-1

[Event "GCT 2023 Saint Louis - Blitz"]
[Site "Saint Louis"]
[Date "17.11.2023"]
[Round "7B"]
[White "Robson, Ray"]
[Black "Sevian, Samuel"]
[Result "1-0"]
[WhiteElo "2596"]
[BlackElo "2581"]
[EventDate "2023.11.17"]

1. c4 e5 2. g3 Nf6 3. Bg2 d5 4. cxd5 Nxd5 5. Nf3 Nc6 6. O-O Nb6 7. Nc3 Be7
8. b3 O-O 9. Bb2 Re8 10. Rc1 Bf8 11. Ne4 f5 12. Nc5 e4 13. Ne1 Nd5 14. d3
e3 15. f4 b6 16. Na4 Bb7 17. Nf3 Qd7 18. a3 a5 19. Qc2 Rad8 20. Qc4 Kh8 21.
Nc3 Nxc3 22. Qxc3 Bc5 23. b4 axb4 24. axb4 Nxb4 25. Ne5 Rxe5 26. fxe5 Bxg2
27. e6 Qe7 28. Rxf5 Na2 29. Qc4 Nxc1 30. Rf7 Bh3 31. Rxe7 Nxe2+ 32. Kh1
Bxe7 33. Qxc7 Rf8 34. Bxg7+ Kg8 35. Bxf8 Kxf8 36. Qe5 Kg8 37. Qh5 Bxe6 38.
Qe8+ Kg7 39. Qxe7+ Bf7 40. Kg2 Nc3 41. Qe5+ 1-0

[Event "GCT 2023 Saint Louis - Blitz"]
[Site "Saint Louis"]
[Date "17.11.2023"]
[Round "7B"]
[White "Nepomniachtchi, Ian"]
[Black "Xiong, Jeffery"]
[Result "1-0"]
[WhiteElo "2789"]
[BlackElo "2727"]
[EventDate "2023.11.17"]

1. d4 d5 2. c4 e6 3. Nf3 dxc4 4. e3 Nf6 5. Bxc4 a6 6. Be2 c5 7. O-O cxd4 8.
Nxd4 Bd6 9. Nd2 O-O 10. b3 e5 11. Nc2 Nc6 12. Nc4 Bc7 13. Ba3 Re8 14. Bf3
Bf5 15. Bxc6 bxc6 16. Qxd8 Rexd8 17. Nb4 Be4 18. f3 a5 19. fxe4 axb4 20.
Bxb4 Nxe4 21. Rfc1 f6 22. Kf1 Ra6 23. Be1 Kf7 24. Ke2 Ke6 25. Rc2 Nc5 26.
Rd1 Rda8 27. Nd2 Bd6 28. Rdc1 Nd7 29. a4 c5 30. Nc4 Rb8 31. Rd1 Be7 32. Nd2
Nb6 33. Ne4 Nd7 34. Rcd2 Ra7 35. Rd3 f5 36. Nd2 e4 37. Rc3 Bf6 38. Rc2 Be5
39. h3 Bc7 40. Ra1 Ra6 41. Ra3 Rab6 42. a5 Rb5 43. Rca2 Ne5 44. Bg3 Rc8 45.
Bxe5 Bxe5 46. Nc4 Bc3 47. a6 Ra8 48. a7 Kf6 49. Ra6+ Kg5 50. Rb6 1-0

[Event "GCT 2023 Saint Louis - Blitz"]
[Site "Saint Louis"]
[Date "17.11.2023"]
[Round "7B"]
[White "Firouzja, Alireza"]
[Black "Le, Quang Liem"]
[Result "0-1"]
[WhiteElo "2742"]
[BlackElo "2652"]
[EventDate "2023.11.17"]

1. c4 c5 2. g3 g6 3. Bg2 Bg7 4. Nc3 Nc6 5. d3 d6 6. Qd2 Qd7 7. b3 b6 8. Bb2
Bb7 9. h4 Nd4 10. f3 Bh6 11. Qd1 Nf5 12. Bh3 Qd8 13. Bxf5 gxf5 14. Nh3 Nf6
15. Ng5 Bg7 16. Qd2 Nh5 17. Nd5 Rg8 18. Bxg7 Rxg7 19. Rg1 e6 20. Nc3 h6 21.
Nh3 Rxg3 22. O-O-O Qxh4 23. Rxg3 Nxg3 24. Nf4 O-O-O 25. Kc2 Qh2 26. a3 h5
27. b4 h4 28. bxc5 dxc5 29. a4 Qf2 30. a5 Nf1 31. Nh3 Qh2 32. Qc1 Qxh3 33.
Rxf1 Qh2 34. axb6 axb6 35. Rh1 Qg3 36. Qh6 Bxf3 37. Qxh4 Qxh4 38. Rxh4 Bc6
39. Rh7 Rd7 40. e3 Kc7 41. Rh8 Kd6 42. Rb8 Rb7 43. Rh8 Ke7 44. Rc8 Bd7 45.
Rh8 Kf6 46. Rh6+ Kg5 47. Rh1 Bc6 48. Rg1+ Kf6 49. Rg8 Ke5 50. Rg5 Rb8 51.
Rg7 Rf8 52. Ne2 b5 53. cxb5 Bxb5 54. Nf4 c4 55. d4+ Ke4 56. Rg3 Rh8 57. Kc3
Rh2 58. Nh3 f6 59. Nf4 Ra2 60. Nxe6 Ra3+ 61. Kb4 Rb3+ 62. Ka5 Rxe3 63. Rg1
Bc6 64. Kb4 Bd5 65. Nc5+ Kxd4 66. Rd1+ Rd3 67. Rf1 Be4 68. Ne6+ Ke5 69. Nf4
Rf3 70. Ng6+ Kd4 71. Rd1+ Rd3 72. Rb1 Rd2 73. Rc1 Rb2+ 74. Ka3 c3 75. Nf4
Ke5 0-1

[Event "GCT 2023 Saint Louis - Blitz"]
[Site "Saint Louis"]
[Date "17.11.2023"]
[Round "7B"]
[White "Vachier-Lagrave, Maxime"]
[Black "So, Wesley"]
[Result "1-0"]
[WhiteElo "2771"]
[BlackElo "2753"]
[EventDate "2023.11.17"]

1. e4 e5 2. Nf3 Nc6 3. Bb5 a6 4. Ba4 Nf6 5. O-O Be7 6. Re1 b5 7. Bb3 O-O 8.
a4 Bb7 9. d3 d6 10. Nbd2 Nd7 11. c3 Nc5 12. axb5 axb5 13. Rxa8 Qxa8 14. Bc2
b4 15. d4 Nd7 16. h4 bxc3 17. bxc3 Qa1 18. d5 Na5 19. c4 Nb6 20. c5 dxc5
21. Nf1 Nac4 22. Bd3 Nb2 23. Bxb2 Qxb2 24. Re2 Qb4 25. Nxe5 c4 26. Bc2 Bxh4
27. Nf3 Be7 28. Ne3 Rd8 29. Nf5 Bf8 30. Qc1 Bc8 31. Qg5 f6 32. Nh6+ Kh8 33.
Ne5 Rd7 34. Nef7+ Rxf7 35. Nxf7+ Kg8 36. Nh6+ Kh8 37. Qf4 gxh6 38. Qxf6+
Bg7 39. Qd8+ Qf8 40. Qxc7 Bg4 41. Re3 Nd7 42. e5 Qf4 43. Qd8+ Nf8 44. e6
Bh5 45. e7 1-0

[Event "GCT 2023 Saint Louis - Blitz"]
[Site "Saint Louis"]
[Date "17.11.2023"]
[Round "8B"]
[White "Nepomniachtchi, Ian"]
[Black "Firouzja, Alireza"]
[Result "0-1"]
[WhiteElo "2789"]
[BlackElo "2742"]
[EventDate "2023.11.17"]

1. d4 Nf6 2. c4 g6 3. Nc3 Bg7 4. e4 d6 5. Be2 O-O 6. Nf3 e5 7. O-O Na6 8.
Re1 Bg4 9. d5 Nc5 10. Qc2 a5 11. Be3 b6 12. a3 a4 13. Nd2 Bd7 14. b4 axb3
15. Nxb3 Na4 16. Nb5 Ng4 17. Bxg4 Bxg4 18. Nc1 f5 19. f3 f4 20. Bf2 Bd7 21.
Ne2 g5 22. h3 h5 23. Nec3 Nc5 24. Kf1 Nb7 25. a4 Na5 26. Qd3 Rf7 27. Reb1
Bf6 28. Ke2 Rg7 29. Kd2 Be8 30. Kc2 Bg6 31. Na2 Kh7 32. Be1 Nb7 33. Bf2 Qd7
34. Nac3 Rgg8 35. Rh1 Qe7 36. Kb2 Ra5 37. Kc2 Rga8 38. Qe2 Qd7 39. Kb2 Rf8
40. Qd2 Raa8 41. Qe2 Na5 42. Kc2 Rfc8 43. Rhd1 Bg7 44. Rab1 c6 45. dxc6
Rxc6 46. Rb4 Rac8 47. Na3 Bf7 48. Nd5 Nxc4 49. Nxc4 b5 50. axb5 Rxc4+ 51.
Qxc4 Rxc4+ 52. Rxc4 Qxb5 53. Rc3 Qa4+ 54. Kc1 Bxd5 55. Rxd5 Qa1+ 56. Kc2
Qa2+ 0-1

[Event "GCT 2023 Saint Louis - Blitz"]
[Site "Saint Louis"]
[Date "17.11.2023"]
[Round "8B"]
[White "Sevian, Samuel"]
[Black "Vachier-Lagrave, Maxime"]
[Result "0-1"]
[WhiteElo "2581"]
[BlackElo "2771"]
[EventDate "2023.11.17"]

1. d4 Nf6 2. c4 g6 3. Nc3 d5 4. cxd5 Nxd5 5. e4 Nxc3 6. bxc3 Bg7 7. Be3 c5
8. Nf3 Qa5 9. Qd2 Nc6 10. Rb1 a6 11. Rc1 cxd4 12. cxd4 Qxd2+ 13. Kxd2 e6
14. Bd3 O-O 15. Ke2 Rd8 16. Rc4 Bd7 17. Rhc1 Be8 18. g4 Rd7 19. h4 h6 20.
e5 Bf8 21. Be4 Rdd8 22. Kf1 Nb4 23. Rc7 Rab8 24. Bxb7 Nxa2 25. Ra1 Nb4 26.
Be4 Rdc8 27. Rxc8 Rxc8 28. Kg2 Bb5 29. Bd2 Nd5 30. Rb1 Kg7 31. Ba5 Be7 32.
Bd2 Bd8 33. Kg3 Nc3 34. Bxc3 Rxc3 35. Kf4 Bxh4 36. g5 hxg5+ 37. Kg4 Bxf2
38. Kxg5 Be2 39. Kf4 Be3+ 0-1

[Event "GCT 2023 Saint Louis - Blitz"]
[Site "Saint Louis"]
[Date "17.11.2023"]
[Round "8B"]
[White "Caruana, Fabiano"]
[Black "Robson, Ray"]
[Result "1/2-1/2"]
[WhiteElo "2765"]
[BlackElo "2596"]
[EventDate "2023.11.17"]

1. c4 e5 2. Nc3 Nf6 3. Nf3 Nc6 4. d3 d5 5. cxd5 Nxd5 6. e4 Nxc3 7. bxc3 Bc5
8. Be2 O-O 9. O-O Bg4 10. h3 Bxf3 11. Bxf3 Qe7 12. Qb3 Rab8 13. a4 a6 14.
Rd1 Rfd8 15. g3 b5 16. axb5 axb5 17. Ra6 Rd6 18. Kg2 b4 19. Qc4 Bb6 20. d4
bxc3 21. Ba3 Nxd4 22. Bxd6 Qxd6 23. Qxc3 g6 24. Rda1 Kg7 25. Ra8 Rxa8 26.
Rxa8 h5 27. h4 Qf6 28. Qa3 Kh7 29. Qd3 Kg7 30. Bd1 Kh7 31. Ra2 Kg7 32. Bb3
Qd6 33. Bc4 Qc6 34. Bd5 Qd7 35. Ra8 Qg4 36. Qa3 Bc5 37. Qc3 Bd6 38. Ra2 Ne2
39. Qe3 Nf4+ 40. Kg1 Qd1+ 41. Kh2 Nxd5 42. exd5 Qxd5 43. Rc2 Qd1 44. Rb2
Qd5 45. Rb8 Qd4 46. Qxd4 exd4 47. Kg2 Kf6 48. Kf3 Ke5 49. Rb5+ c5 50. Rb7
c4 51. Rxf7 d3 52. Ke3 Bc5+ 53. Kd2 Bb4+ 54. Ke3 Bc5+ 55. Kd2 Bb4+ 56. Ke3
Bc5+ 1/2-1/2

[Event "GCT 2023 Saint Louis - Blitz"]
[Site "Saint Louis"]
[Date "17.11.2023"]
[Round "8B"]
[White "Xiong, Jeffery"]
[Black "So, Wesley"]
[Result "0-1"]
[WhiteElo "2727"]
[BlackElo "2753"]
[EventDate "2023.11.17"]

1. d4 Nf6 2. c4 e6 3. Nc3 Bb4 4. Nf3 b6 5. Qc2 Bb7 6. a3 Bxc3+ 7. Qxc3 O-O
8. e3 d5 9. b3 Nbd7 10. Bb2 c5 11. Be2 cxd4 12. exd4 Rc8 13. O-O Ba6 14. a4
dxc4 15. bxc4 Nd5 16. Qc1 Qc7 17. cxd5 Bxe2 18. Qxc7 Rxc7 19. Rfc1 Rxc1+
20. Rxc1 Bxf3 21. gxf3 Nf6 22. d6 Rd8 23. Ba3 h5 24. Kf1 Nd5 25. Ke2 f6 26.
Kd3 Kf7 27. Kc4 a6 28. Kd3 Ke8 29. h4 Kd7 30. Rg1 Rg8 31. a5 b5 32. Bc5 g6
33. Ke4 b4 34. Kd3 b3 35. Rb1 Rb8 36. Bb6 Kxd6 37. Rxb3 Kc6 38. Kc4 Nxb6+
39. axb6 Rxb6 40. Ra3 Kb7 41. d5 exd5+ 42. Kxd5 Ka7 43. f4 Rb4 44. Rf3 a5
45. Ke6 Rb6+ 46. Kf7 f5 47. Ra3 Ka6 48. Ra1 Rd6 49. Kg7 Rc6 50. Kf7 Kb5 51.
Rb1+ Ka4 52. Ra1+ Kb4 53. Rb1+ Kc5 54. Rc1+ Kd5 55. Ra1 Ra6 56. Ra4 Kc5 0-1

[Event "GCT 2023 Saint Louis - Blitz"]
[Site "Saint Louis"]
[Date "17.11.2023"]
[Round "8B"]
[White "Le, Quang Liem"]
[Black "Giri, Anish"]
[Result "1-0"]
[WhiteElo "2652"]
[BlackElo "2697"]
[EventDate "2023.11.17"]

1. d4 d5 2. c4 c6 3. Nf3 Nf6 4. e3 Bf5 5. Nc3 e6 6. Nh4 Be4 7. f3 Bg6 8.
Bd2 Be7 9. Nxg6 hxg6 10. Qc2 dxc4 11. Bxc4 Nd5 12. Ne2 Nd7 13. e4 Rc8 14.
a3 N5b6 15. Ba2 c5 16. Bc3 Bh4+ 17. Kf1 O-O 18. Rd1 cxd4 19. Nxd4 Qe7 20.
g3 Bf6 21. Kg2 Nc4 22. Bxc4 Rxc4 23. Qb3 Rfc8 24. Qxb7 Nc5 25. Qxc8+ 1-0

[Event "GCT 2023 Saint Louis - Blitz"]
[Site "Saint Louis"]
[Date "17.11.2023"]
[Round "9B"]
[White "Robson, Ray"]
[Black "Le, Quang Liem"]
[Result "1/2-1/2"]
[WhiteTitle "GM"]
[BlackTitle "GM"]
[WhiteElo "2696"]
[BlackElo "2731"]
[WhiteFideId "2023970"]
[BlackFideId "12401137"]
[EventDate "2023.11.17"]

1. c4 c5 2. Nf3 Nf6 3. Nc3 Nc6 4. g3 g6 5. d4 cxd4 6. Nxd4 d6 7. Bg2 Bd7 8. b3
Bg7 9. Bb2 O-O 10. O-O Rc8 11. Rc1 a6 12. Qd2 Qa5 13. Rfd1 Rfe8 14. h3 b5 15.
cxb5 Nxd4 16. Qxd4 axb5 17. a3 Nh5 18. Qe3 Be6 19. b4 Qa6 20. Qd2 Nf6 21. e4 Nd7
22. Ne2 Ne5 23. Bxe5 Bxe5 24. Nd4 Bxd4 25. Qxd4 Qxa3 26. Ra1 Qc3 27. Qxc3 Rxc3
28. Ra5 Rb8 29. Bf1 Bc4 30. Ra7 Kf8 31. Rc7 Ra8 32. Bxc4 bxc4 33. Rd4 Rc1+ 34.
Kg2 c3 35. Rdc4 Ra3 36. b5 Rb3 37. b6 Rxb6 38. Rxc3 Re1 39. Kf3 f5 40. exf5 gxf5
41. Kf4 Rb5 42. Kg5 Re6 43. Rf3 Rg6+ 44. Kh4 Rf6 45. g4 Kf7 46. Kg3 h6 47. Ra7
Re5 48. Rb7 Kg6 49. Rf4 Kg5 50. Ra7 Kg6 51. Rb7 Re1 52. Rb8 fxg4 53. Rxf6+ Kxf6
54. hxg4 d5 55. Rf8+ Kg7 56. Rd8 e6 57. f4 Re3+ 58. Kh4 Re4 59. Kg3 Ra4 60. Rd7+
Kf6 61. Rh7 Kg6 62. Re7 Re4 63. Kh4 h5 64. gxh5+ Kf6 65. Re8 Rxf4+ 66. Kg3 Re4
67. Rg8 Re1 68. Kg2 Re5 69. Rh8 Kg7 70. Re8 Kf7 71. Rh8 Rf5 72. Kg3 Rg5+ 73. Kf4
Rg8 74. Rh7+ Rg7 75. Rh8 Rg1 76. Rh7+ Kf6 77. Rh6+ Ke7 78. Rh8 Rf1+ 79. Kg5 d4
80. h6 d3 81. Rh7+ Kd6 82. Rh8 Ke5 83. Rd8 Rg1+ 84. Kh5 Rh1+ 85. Kg6 Ke4 86. h7
e5 87. h8=Q Rxh8 88. Rxh8 d2 89. Rd8 Ke3 90. Kf5 e4 91. Rxd2 Kxd2 92. Kxe4 1/2-1/2

[Event "GCT 2023 Saint Louis - Blitz"]
[Site "Saint Louis"]
[Date "17.11.2023"]
[Round "9B"]
[White "Firouzja, Alireza"]
[Black "Xiong, Jeffery"]
[Result "1-0"]
[WhiteTitle "GM"]
[BlackTitle "GM"]
[WhiteElo "2777"]
[BlackElo "2681"]
[WhiteFideId "12573981"]
[BlackFideId "2047640"]
[EventDate "2023.11.17"]

1. c4 c5 2. b3 Nf6 3. Bb2 Nc6 4. Nf3 d5 5. cxd5 Nxd5 6. a3 f6 7. e3 e5 8. Qc2
Be6 9. Bd3 Qd7 10. Be2 Be7 11. O-O O-O 12. Bd3 g6 13. Bc4 Rac8 14. Nc3 Rfd8 15.
Rad1 Nc7 16. d3 a6 17. Na4 Qd6 18. Nb6 Rb8 19. d4 cxd4 20. exd4 Nxd4 21. Bxd4
exd4 22. Nxd4 Qxb6 23. Nxe6 Nxe6 24. Rde1 Rd6 25. Rxe6 Rxe6 26. Re1 Qc5 27. Rxe6
Kf8 28. Qd2 b5 29. Qh6+ Ke8 30. Bf1 Rb6 31. Rxb6 Qxb6 32. Qxh7 f5 33. Qg8+ Kd7
34. a4 Bc5 35. Qd5+ Ke7 36. Qd2 Kf6 37. axb5 axb5 38. g3 b4 39. Be2 Qd6 40. Qc2
Qd4 41. Bf3 Qc3 42. Qd1 Qb2 43. Qd8+ 1-0

[Event "GCT 2023 Saint Louis - Blitz"]
[Site "Saint Louis"]
[Date "17.11.2023"]
[Round "9B"]
[White "So, Wesley"]
[Black "Sevian, Samuel"]
[Result "1/2-1/2"]
[WhiteTitle "GM"]
[BlackTitle "GM"]
[WhiteElo "2752"]
[BlackElo "2696"]
[WhiteFideId "5202213"]
[BlackFideId "2040506"]
[EventDate "2023.11.17"]

1. e4 e5 2. Nf3 Nc6 3. Bc4 Bc5 4. d3 Nf6 5. O-O d6 6. Nc3 a6 7. h3 h6 8. a4 g5
9. Nh2 Rg8 10. Nd5 Nxd5 11. Bxd5 Qf6 12. Bxc6+ bxc6 13. Be3 Bxe3 14. fxe3 Qg6
15. Ng4 Bxg4 16. Qxg4 h5 17. Qe2 f6 18. Rf5 Rf8 19. d4 Qf7 20. Raf1 h4 21. Qg4
Qg6 22. Qe2 Ke7 23. Qc4 Qe8 24. dxe5 dxe5 25. Qc5+ Ke6 26. Qc4+ Ke7 27. Qc5+ Ke6
28. Rd1 Kf7 29. Rd3 Kg6 30. Rc3 Rb8 31. b3 Rb6 32. a5 Rb5 33. Qxc6 Qxc6 34. Rxc6
Rxa5 35. Rxc7 Ra2 36. Rc6 Kg7 37. Kf2 a5 38. Rc4 Rd8 39. Ke2 Rd6 40. Rf1 Kg6 41.
Kf3 Ra3 42. Rf2 Ra1 43. Ke2 Rad1 44. Kf3 Re1 45. Rc5 Ra6 46. Rd2 a4 47. bxa4
Rxa4 48. Kf2 Raa1 49. Kf3 Rf1+ 50. Rf2 Rfd1 51. Rc6 Rf1 52. Rxf1 Rxf1+ 53. Ke2
Rg1 54. Kf2 Rc1 55. c4 Kf7 56. c5 Rc4 57. Kf3 Ke7 58. Rc7+ Ke6 59. Rc6+ Ke7 60.
Rc8 Kd7 61. Rf8 Ke7 62. Rc8 Kd7 63. Rf8 Ke7 64. Rc8 1/2-1/2

[Event "GCT 2023 Saint Louis - Blitz"]
[Site "Saint Louis"]
[Date "17.11.2023"]
[Round "9B"]
[White "Giri, Anish"]
[Black "Nepomniachtchi, Ian"]
[Result "1-0"]
[WhiteTitle "GM"]
[BlackTitle "GM"]
[WhiteElo "2752"]
[BlackElo "2771"]
[WhiteFideId "24116068"]
[BlackFideId "4168119"]
[EventDate "2023.11.17"]

1. d4 Nf6 2. c4 g6 3. Nc3 d5 4. cxd5 Nxd5 5. e4 Nxc3 6. bxc3 Bg7 7. Nf3 c5 8.
Bb5+ Nd7 9. O-O O-O 10. Re1 a6 11. Bf1 b5 12. a4 b4 13. cxb4 cxb4 14. a5 Bb7 15.
Qb3 Nc5 16. Qxb4 Bxe4 17. Qxc5 Bxf3 18. gxf3 Bxd4 19. Qa3 Bxa1 20. Qxa1 e5 21.
Bh6 f6 22. Qa2+ Kh8 23. Bxf8 Qxf8 24. Rb1 Qh6 25. Qf7 Qg5+ 26. Kh1 Qf5 27. Rb3
h5 28. h3 Rg8 29. Rb7 g5 30. Qxh5+ 1-0